[Event "Kvinde-DM 2026"]
[Site "Copenhagen"]
[Date "2026.02.11"]
[Round "1.1"]
[White "Li, Anna Sofie"]
[Black "Peng, Li Li"]
[Result "1-0"]
[WhiteElo "2096"]
[BlackElo "1895"]
[WhiteFideId "1472119"]
[BlackFideId "14132893"]
[EventDate "2026.02.11"]
[EventType "swiss"]
[EventRounds "9"]
[EventCountry "DEN"]
[SourceTitle "Live v. Obro Skakforening"]

1. e4 e5 2. Nf3 Nc6 3. Bb5 a6 4. Ba4 Nf6 5. O-O Nxe4 6. d4 b5 7. Bb3 d5 8. dxe5 Be6 9. c3 Bc5 10. Qe2 O-O 11. a4 b4 12. cxb4 Nxb4 13. Nc3 Bf5 14. a5 c6 15. Be3 Nxc3 16. bxc3 Bd3 17. Qd2 Bxe3 18. fxe3 Bxf1 19. Rxf1 Qxa5 20. cxb4 Qb6 21. Bc2 a5 22. bxa5 Rxa5 23. Nd4 Ra3 24. Qf2 c5 25. e6 f6 26. Qf5 g6 27. Qxd5 Kh8 28. e7 Rg8 29. Qxg8+ Kxg8 30. e8=Q+ Kg7 31. Ne6+ Kh6 32. Qf8+ Kh5 33. Bd1+ 1-0

[Event "Kvinde-DM 2026"]
[Site "Copenhagen"]
[Date "2026.02.11"]
[Round "1.2"]
[White "Christensen, Astrid Bigum"]
[Black "Kakulidis, Ellen"]
[Result "0-1"]
[WhiteElo "1808"]
[BlackElo "2061"]
[WhiteFideId "1476564"]
[BlackFideId "1444972"]
[EventDate "2026.02.11"]
[EventType "swiss"]
[EventRounds "9"]
[EventCountry "DEN"]
[SourceTitle "Live v. Obro Skakforening"]

1. d4 Nf6 2. c4 e6 3. g3 Bb4+ 4. Bd2 Qe7 5. Bg2 Nc6 6. e3 Bxd2+ 7. Nxd2 d6 8. Ngf3 e5 9. d5 Nb8 10. O-O a5 11. Qc2 O-O 12. a3 a4 13. e4 Bd7 14. Nh4 Na6 15. b4 axb3 16. Nxb3 g6 17. Rae1 Ba4 18. Qb2 b5 19. f4 bxc4 20. Nd2 Nc5 21. Re3 Nd3 22. Rxd3 cxd3 23. Nc4 Rab8 24. Qd2 exf4 25. Rxf4 Rb1+ 26. Kf2 Bc2 27. Qc3 Nxd5 28. Qd2 Rd1 0-1

[Event "Kvinde-DM 2026"]
[Site "Copenhagen"]
[Date "2026.02.11"]
[Round "1.3"]
[White "Durrfeld, Sofie Bech"]
[Black "Ibsen, Metteline"]
[Result "1-0"]
[WhiteElo "2052"]
[BlackElo "1748"]
[WhiteFideId "1451324"]
[BlackFideId "1474952"]
[EventDate "2026.02.11"]
[EventType "swiss"]
[EventRounds "9"]
[EventCountry "DEN"]
[SourceTitle "Live v. Obro Skakforening"]

1. d4 d5 2. c4 e6 3. Nf3 a6 4. cxd5 exd5 5. Nc3 Nf6 6. Bg5 Be6 7. e3 c5 8. Bd3 c4 9. Bc2 Bb4 10. O-O Nbd7 11. e4 Bxc3 12. bxc3 h6 13. exd5 Bxd5 14. Re1+ Be6 15. d5 hxg5 16. dxe6 Nc5 17. exf7+ Kxf7 18. Nxg5+ Kg8 19. Qe2 Qd5 20. f4 Nd3 21. Bxd3 cxd3 22. Qe6+ Qxe6 23. Nxe6 Rc8 24. Re3 Rxc3 25. Rd1 Rxh2 26. Rexd3 Rxd3 27. Rxd3 Rh5 28. Ng5 Kf8 29. Rd8+ Ne8 30. Ne6+ Kf7 31. Rxe8 Rh6 32. Nc7 Rc6 33. Rc8 Kg6 34. Nd5 Rxc8 35. Ne7+ Kf6 36. Nxc8 b5 37. Kf2 Kf5 38. Kf3 b4 39. Nb6 a5 40. g4+ Ke6 41. Ke4 Kf6 42. Kd5 g5 43. f5 Ke7 44. Kc5 Kd8 45. Kb5 Kc7 46. Kxa5 Kc6 47. Kxb4 Kxb6 48. f6 1-0

[Event "Kvinde-DM 2026"]
[Site "Copenhagen"]
[Date "2026.02.11"]
[Round "1.4"]
[White "Rasmussen, Victoria"]
[Black "Derlich, Sarah Sima"]
[Result "0-1"]
[WhiteElo "1748"]
[BlackElo "2024"]
[WhiteFideId "1487531"]
[BlackFideId "1469290"]
[EventDate "2026.02.11"]
[EventType "swiss"]
[EventRounds "9"]
[EventCountry "DEN"]
[SourceTitle "Live v. Obro Skakforening"]

1. e4 c5 2. Nf3 d6 3. Bb5+ Bd7 4. Bxd7+ Nxd7 5. O-O g6 6. c3 Ngf6 7. Qe2 Bg7 8. d4 cxd4 9. cxd4 O-O 10. Nc3 Nb6 11. a4 a5 12. Rd1 Qc7 13. e5 Nfd5 14. Nxd5 Nxd5 15. e6 f5 16. Bd2 Rfc8 17. Rac1 Qb6 18. Bc3 Qb3 19. Qc2 Qxc2 20. Rxc2 Rc4 21. Ra1 Rac8 22. Ra3 Nb6 23. Rb3 Nxa4 24. Rxb7 Bf6 25. Kf1 Nxc3 26. bxc3 Rxc3 27. Rxc3 Rxc3 28. Ra7 Ra3 29. Ke2 g5 30. d5 Ra2+ 31. Kf1 g4 32. Ne1 Bd4 33. Nd3 Bxa7 0-1

[Event "Kvinde-DM 2026"]
[Site "Copenhagen"]
[Date "2026.02.11"]
[Round "1.5"]
[White "Gronnemose, Freja Egelund"]
[Black "Norremark, Vinni"]
[Result "1-0"]
[WhiteElo "1991"]
[BlackElo "1646"]
[WhiteFideId "1474456"]
[BlackFideId "1425749"]
[EventDate "2026.02.11"]
[EventType "swiss"]
[EventRounds "9"]
[EventCountry "DEN"]
[SourceTitle "Live v. Obro Skakforening"]

1. e4 e5 2. Nf3 Nc6 3. d4 exd4 4. Nxd4 Nf6 5. Nxc6 bxc6 6. e5 Ne4 7. Qe2 Nc5 8. g3 Be7 9. Bg2 Bb7 10. Nd2 d6 11. Nc4 d5 12. Na5 Ba6 13. Qg4 Ne6 14. Nxc6 Qd7 15. Nxe7 Qxe7 16. Qa4+ Qd7 17. Qxa6 O-O 18. O-O c6 19. Be3 Rfb8 20. Qa3 Rd8 21. f4 Rab8 22. f5 Nc7 23. Rab1 Nb5 24. Qd3 Qe8 25. Bf4 Rb7 26. Rbe1 Nc7 27. Bg5 Rdb8 28. f6 Ne6 29. Bc1 g6 30. b3 Qd8 31. Bh3 Nc5 32. Qe3 Qf8 33. Ba3 Rb5 34. e6 Qd6 35. e7 Re8 36. Qh6 1-0

[Event "Kvinde-DM 2026"]
[Site "Copenhagen"]
[Date "2026.02.11"]
[Round "1.6"]
[White "Andries, Leia"]
[Black "Nielsen, Pia"]
[Result "1-0"]
[WhiteElo "1931"]
[BlackElo "1586"]
[WhiteFideId "1469207"]
[BlackFideId "1409700"]
[EventDate "2026.02.11"]
[EventType "swiss"]
[EventRounds "9"]
[EventCountry "DEN"]
[SourceTitle "Live v. Obro Skakforening"]

1. e4 c6 2. d4 d5 3. e5 Bf5 4. h4 h6 5. g4 Bh7 6. e6 fxe6 7. Bd3 Bxd3 8. Qxd3 Kd7 9. Nf3 Qe8 10. Ne5+ Kc8 11. Ng6 Rh7 12. Nxf8 Qxf8 13. Qxh7 Nf6 14. Qg6 Nbd7 15. Nc3 b5 16. a3 a6 17. Be3 Kb7 18. O-O-O a5 19. g5 Ng4 20. Qxe6 Qf3 21. Qxd7+ Kb6 22. Qxe7 b4 23. Na4+ Kb5 24. Qb7+ Kxa4 25. Qxc6# 1-0

[Event "Kvinde-DM 2026"]
[Site "Copenhagen"]
[Date "2026.02.11"]
[Round "1.7"]
[White "Shekar, Diya"]
[Black "Stewart, Tanya Jill Milk"]
[Result "0-1"]
[WhiteElo "1558"]
[BlackElo "1896"]
[WhiteFideId "1472330"]
[BlackFideId "1472291"]
[EventDate "2026.02.11"]
[EventType "swiss"]
[EventRounds "9"]
[EventCountry "DEN"]
[SourceTitle "Live v. Obro Skakforening"]

1. d4 Nf6 2. Nf3 g6 3. Bf4 d6 4. e3 Bg7 5. h3 Nbd7 6. Bd3 O-O 7. Nbd2 c5 8. c3 a6 9. O-O b5 10. a3 Bb7 11. e4 Nh5 12. Bh2 e5 13. d5 c4 14. Bc2 Bh6 15. a4 Nf4 16. b3 cxb3 17. Nxb3 Qb6 18. Bxf4 Bxf4 19. a5 Qc7 20. Qd3 Rac8 21. Nfd2 Qxc3 22. Rac1 Qxd3 23. Bxd3 Nc5 24. Nxc5 dxc5 25. Rc2 c4 26. Be2 f5 27. Nf3 fxe4 28. Nd2 Bxd5 29. Rd1 Rcd8 30. Nb1 Bb7 31. Rxd8 Rxd8 32. Rc3 Bd2 33. Nxd2 Rxd2 34. Re3 Rd4 35. f3 Kg7 36. fxe4 Rxe4 37. Rxe4 Bxe4 38. Bg4 c3 39. Bd1 c2 40. Bxc2 Bxc2 41. Kf2 Kf6 42. Ke3 g5 43. g4 Ke6 44. Kd2 Be4 45. Ke3 Kd5 46. Kd2 Kd4 47. Ke2 Bg2 48. Kf2 Bxh3 49. Kg3 Bxg4 50. Kxg4 Kd3 51. Kf5 e4 52. Ke6 e3 53. Kd6 e2 54. Kc6 e1=Q 55. Kb6 g4 56. Kxa6 Qxa5+ 57. Kxa5 g3 58. Kxb5 g2 59. Kb6 g1=Q+ 60. Ka5 Qb1 61. Ka6 Kc4 62. Ka7 Kc5 63. Ka8 Kc6 64. Ka7 Qb7# 0-1

[Event "Kvinde-DM 2026"]
[Site "Copenhagen"]
[Date "2026.02.11"]
[Round "2.1"]
[White "van den Brink, Nienke"]
[Black "Li, Anna Sofie"]
[Result "0-1"]
[WhiteElo "1959"]
[BlackElo "2096"]
[WhiteFideId "1452568"]
[BlackFideId "1472119"]
[EventDate "2026.02.11"]
[EventType "swiss"]
[EventRounds "9"]
[EventCountry "DEN"]
[SourceTitle "Live v. Obro Skakforening"]

1. e4 e5 2. Nf3 Nc6 3. d4 exd4 4. Nxd4 Nf6 5. Nxc6 bxc6 6. e5 Qe7 7. Qe2 Nd5 8. h4 Qe6 9. Nd2 a5 10. c4 Nb4 11. Nf3 c5 12. a3 Nc6 13. g3 Ba6 14. Bf4 Rb8 15. Rd1 d6 16. exd6 cxd6 17. Qxe6+ fxe6 18. Bxd6 Rxb2 19. Bf4 Be7 20. Bd3 O-O 21. O-O Rb3 22. Rfe1 Rd8 23. Be4 Nd4 24. Nxd4 cxd4 25. Bd3 Bxa3 26. Rxe6 Bb7 27. Bc7 Rc8 28. Bxa5 Bf3 29. Be2 Bxe2 30. Rxe2 Rxc4 31. Re4 Rb5 32. Bd2 Rd5 33. Be3 dxe3 34. Re8+ Kf7 35. Rxd5 exf2+ 36. Kxf2 Kxe8 37. Kf3 Ke7 38. Ra5 Rc3+ 39. Kg4 Bd6 40. Ra7+ Ke6 41. Ra6 Rxg3+ 42. Kh5 Rd3 0-1

[Event "Kvinde-DM 2026"]
[Site "Copenhagen"]
[Date "2026.02.11"]
[Round "2.2"]
[White "Kakulidis, Ellen"]
[Black "Gronnemose, Freja Egelund"]
[Result "1-0"]
[WhiteElo "2061"]
[BlackElo "1991"]
[WhiteFideId "1444972"]
[BlackFideId "1474456"]
[EventDate "2026.02.11"]
[EventType "swiss"]
[EventRounds "9"]
[EventCountry "DEN"]
[SourceTitle "Live v. Obro Skakforening"]

1. d4 Nf6 2. g3 c5 3. d5 b5 4. a4 b4 5. c4 g6 6. b3 Bg7 7. Bb2 a5 8. Bg2 d6 9. Nd2 O-O 10. Nh3 Ra7 11. O-O Re8 12. Ra2 e5 13. dxe6 Bxe6 14. Nf4 Bc8 15. e3 Bg4 16. Bxf6 Bxd1 17. Bxd8 Bxb3 18. Nxb3 Rxd8 19. Rd2 Bc3 20. Rd3 Nd7 21. Rxd6 Be5 22. Rd5 Rc8 23. Rfd1 Rcc7 24. Bh3 Bxf4 25. Bxd7 Bh6 26. Bb5 Bf8 27. Rd7 Rxd7 28. Rxd7 Ra8 29. Rd5 h5 30. Kf1 Be7 31. Ke2 Kg7 32. Kd3 h4 33. Nxc5 Bf6 34. Nb3 hxg3 35. hxg3 Be7 36. c5 Rd8 37. Rxd8 Bxd8 38. Ke4 Kf6 39. Kd5 Ke7 40. Kc6 f5 41. Bc4 Ke8 42. Kb5 Kd7 43. Nxa5 Bxa5 44. Kxa5 b3 45. Bxb3 Kc6 46. Kb4 1-0

[Event "Kvinde-DM 2026"]
[Site "Copenhagen"]
[Date "2026.02.11"]
[Round "2.3"]
[White "Stewart, Tanya Jill Milk"]
[Black "Durrfeld, Sofie Bech"]
[Result "1/2-1/2"]
[WhiteElo "1896"]
[BlackElo "2052"]
[WhiteFideId "1472291"]
[BlackFideId "1451324"]
[EventDate "2026.02.11"]
[EventType "swiss"]
[EventRounds "9"]
[EventCountry "DEN"]
[SourceTitle "Live v. Obro Skakforening"]

1. d4 d5 2. Nc3 Nf6 3. Bf4 c5 4. e3 cxd4 5. exd4 Bg4 6. Be2 Bxe2 7. Ncxe2 e6 8. c3 Bd6 9. Nf3 Nc6 10. O-O O-O 11. Re1 Ne4 12. Bxd6 Qxd6 13. Nc1 Rac8 14. Nd3 b5 15. Rc1 a5 16. Nfe5 b4 17. f3 Nxe5 18. fxe4 Nxd3 19. Qxd3 dxe4 20. Rxe4 bxc3 21. bxc3 Qa3 22. Qd2 Rc4 23. Rg4 f5 24. Rg3 f4 25. Rh3 Rfc8 26. Rc2 Qa4 27. Qd3 g6 28. Qe4 Qd7 29. Qxf4 Rxd4 30. Qxd4 Qxd4+ 31. cxd4 Rxc2 32. Ra3 Rc4 33. Rxa5 Rxd4 34. Ra7 Rd2 35. a4 Ra2 36. a5 e5 37. a6 e4 38. Ra8+ Kg7 39. a7 e3 40. Kf1 Kh6 41. Re8 Rxa7 42. Rxe3 Kg5 43. Kf2 h5 44. Rg3+ Kf5 45. Rf3+ Ke4 46. h4 Ra5 47. Kg3 Ke5 48. Re3+ Kf5 49. Rf3+ Ke6 50. Rb3 Ra4 51. Rb6+ Kf5 52. Rb5+ Ke4 53. Rb3 Rd4 54. Ra3 Rd5 55. Ra4+ Ke5 56. Rb4 Rd3+ 57. Kf2 Kf5 58. Ra4 Rd1 59. Kg3 Re1 60. Rf4+ Ke5 61. Rf3 Re4 62. Rf8 Rg4+ 63. Kh3 Ke4 64. Rf6 Ke3 65. Rf3+ Ke2 66. Rf6 Ke3 67. Rf3+ Ke4 68. Rf6 Ke5 69. Rf3 Rf4 70. Kg3 Rg4+ 1/2-1/2

[Event "Kvinde-DM 2026"]
[Site "Copenhagen"]
[Date "2026.02.11"]
[Round "2.4"]
[White "Derlich, Sarah Sima"]
[Black "Andries, Leia"]
[Result "1-0"]
[WhiteElo "2024"]
[BlackElo "1931"]
[WhiteFideId "1469290"]
[BlackFideId "1469207"]
[EventDate "2026.02.11"]
[EventType "swiss"]
[EventRounds "9"]
[EventCountry "DEN"]
[SourceTitle "Live v. Obro Skakforening"]

1. e4 e5 2. Nf3 Nc6 3. Bc4 Nf6 4. d3 Bc5 5. O-O a6 6. a4 d6 7. c3 Ba7 8. Nbd2 O-O 9. Re1 Ng4 10. Re2 Kh8 11. Nf1 f5 12. exf5 d5 13. Bb3 Bxf5 14. d4 e4 15. Ne1 Ne7 16. g3 c5 17. Bg5 Nf6 18. Ne3 cxd4 19. cxd4 Be6 20. Rd2 h6 21. Bf4 Nc6 22. N1g2 Nb4 23. Be5 Bb8 24. Nf4 Bf7 25. Bxf6 gxf6 26. Qg4 Rg8 27. Qh4 Bxf4 28. Qxf4 Rg6 29. Bd1 Nd3 30. Qh4 Qf8 31. Bh5 Rg7 32. Nf5 Bxh5 33. Nxg7 Qxg7 34. Qxh5 Rd8 35. Rc2 Rd7 36. Rc8+ Kh7 37. Qf5+ Qg6 38. Qxd7+ 1-0

[Event "Kvinde-DM 2026"]
[Site "Copenhagen"]
[Date "2026.02.11"]
[Round "2.5"]
[White "Ibsen, Metteline"]
[Black "Peng, Li Li"]
[Result "0-1"]
[WhiteElo "1748"]
[BlackElo "1895"]
[WhiteFideId "1474952"]
[BlackFideId "14132893"]
[EventDate "2026.02.11"]
[EventType "swiss"]
[EventRounds "9"]
[EventCountry "DEN"]
[SourceTitle "Live v. Obro Skakforening"]

1. d4 d5 2. c4 c6 3. Nf3 Nf6 4. e3 Bf5 5. Nc3 e6 6. Be2 Bd6 7. O-O h6 8. Re1 Ne4 9. h3 Nd7 10. Nxe4 dxe4 11. Nh2 Qg5 12. Bg4 h5 13. Bxf5 Qxf5 14. a3 Bxh2+ 15. Kxh2 Qxf2 16. Rf1 Qh4 17. Rf4 Qe7 18. Rxe4 g5 19. d5 Qd6+ 20. Kg1 e5 21. c5 Qxd5 22. Qc2 Nxc5 23. Rc4 Ne6 24. e4 Qd7 25. Be3 g4 26. h4 g3 27. Qc3 f6 28. Rf1 Qg7 29. Rf5 Rd8 30. Qc1 Qg4 31. Bd2 Qxh4 32. Bb4 Qh2+ 33. Kf1 Qh1+ 34. Ke2 Qxg2+ 35. Ke3 Nf4 0-1

[Event "Kvinde-DM 2026"]
[Site "Copenhagen"]
[Date "2026.02.11"]
[Round "2.6"]
[White "Norremark, Vinni"]
[Black "Rasmussen, Victoria"]
[Result "0-1"]
[WhiteElo "1646"]
[BlackElo "1748"]
[WhiteFideId "1425749"]
[BlackFideId "1487531"]
[EventDate "2026.02.11"]
[EventType "swiss"]
[EventRounds "9"]
[EventCountry "DEN"]
[SourceTitle "Live v. Obro Skakforening"]

1. d4 c5 2. Nf3 cxd4 3. Nxd4 d5 4. Bf4 f6 5. Nb3 e5 6. Bg3 Nc6 7. c3 Be6 8. e3 Bd6 9. h3 Nge7 10. N1d2 Qd7 11. Be2 Nf5 12. Bh2 Nh4 13. Bf1 a5 14. Qh5+ Ng6 15. Bd3 Bf7 16. Bf5 Qc7 17. Qg4 Nce7 18. Bd3 O-O 19. Qe2 a4 20. Nc1 a3 21. Ndb3 Rfc8 22. O-O axb2 23. Qxb2 Qxc3 24. Qxc3 Rxc3 25. Rd1 Rc7 26. Ne2 Nc6 27. e4 Nb4 28. Bb5 Rxa2 29. Rxa2 Nxa2 30. exd5 Nb4 31. Ra1 Bxd5 32. Ra8+ Nf8 33. Nd2 Rc5 34. Rd8 Bc7 35. Rxd5 Rxd5 36. Bc4 Ne6 37. Bxd5 Nxd5 38. Nc4 b5 39. Nd2 Nc5 40. Nc1 Ba5 41. Ndb3 Nxb3 42. Nxb3 Bb6 43. Kf1 Kf7 44. g4 g6 45. h4 e4 46. Bg3 f5 47. gxf5 gxf5 48. Ke2 h5 49. Be5 Ke6 50. Bd4 f4 51. Bxb6 f3+ 52. Kd2 Nxb6 53. Nd4+ Ke5 54. Nxb5 Nc4+ 55. Ke1 Nd6 56. Nc3 Nf5 57. Nd1 Nxh4 58. Kf1 Nf5 59. Kg1 Kd4 60. Kf1 h4 61. Kg1 Kd3 62. Nb2+ Ke2 63. Nc4 e3 64. Kh2 exf2 65. Ne3 Nxe3 66. Kh3 f1=Q+ 67. Kxh4 Qg1 68. Kh5 f2 69. Kh4 f1=Q 70. Kh5 Qh3# 0-1

[Event "Kvinde-DM 2026"]
[Site "Copenhagen"]
[Date "2026.02.11"]
[Round "2.7"]
[White "Nielsen, Pia"]
[Black "Christensen, Astrid Bigum"]
[Result "1/2-1/2"]
[WhiteElo "1586"]
[BlackElo "1808"]
[WhiteFideId "1409700"]
[BlackFideId "1476564"]
[EventDate "2026.02.11"]
[EventType "swiss"]
[EventRounds "9"]
[EventCountry "DEN"]
[SourceTitle "Live v. Obro Skakforening"]

1. c3 d5 2. d4 Nf6 3. Nf3 Bf5 4. Bf4 c6 5. e3 e6 6. Bd3 g6 7. Bxf5 exf5 8. Nbd2 Bg7 9. Qb3 Qe7 10. Ne5 O-O 11. O-O Nh5 12. Bg3 f6 13. Nd3 Nxg3 14. hxg3 b6 15. Rae1 Nd7 16. f4 Rfe8 17. Qd1 c5 18. g4 fxg4 19. Qxg4 f5 20. Qf3 Qd6 21. Ne5 a5 22. g4 Rf8 23. g5 c4 24. Rf2 Rfd8 25. Qh3 Bxe5 26. fxe5 Qe7 27. Nf3 b5 28. Rh2 Nf8 29. Kf2 b4 30. Reh1 bxc3 31. bxc3 Rab8 32. Kg3 Rb7 33. Qh6 1/2-1/2

[Event "Kvinde-DM 2026"]
[Site "Copenhagen"]
[Date "2026.02.12"]
[Round "3.1"]
[White "Li, Anna Sofie"]
[Black "Kakulidis, Ellen"]
[Result "1/2-1/2"]
[WhiteElo "2096"]
[BlackElo "2061"]
[WhiteFideId "1472119"]
[BlackFideId "1444972"]
[EventDate "2026.02.11"]
[EventType "swiss"]
[EventRounds "9"]
[EventCountry "DEN"]
[SourceTitle "Live v. Obro Skakforening"]

1. e4 e5 2. Nf3 Nc6 3. Bb5 a6 4. Ba4 Nf6 5. O-O Be7 6. Re1 b5 7. Bb3 d6 8. c3 Na5 9. Bc2 c5 10. d4 cxd4 11. cxd4 Bg4 12. dxe5 Bxf3 13. Qxf3 dxe5 14. Nc3 Rc8 15. Be3 O-O 16. Rad1 Qc7 17. Bb1 Nc4 18. Bc1 Bb4 19. Bg5 Nxb2 20. Nd5 Nxd5 21. exd5 Nxd1 22. Qe4 g6 23. Qxb4 Qc3 24. Qe4 Nb2 25. d6 Rc4 26. Qe2 f6 27. Bd2 Qd4 28. Be3 Qc3 29. Bd2 Qa3 30. Bc1 Rxc1 31. Rxc1 Nc4 32. Rd1 Nxd6 33. h4 Nf7 34. h5 f5 35. hxg6 hxg6 36. Qc2 Rd8 37. Rxd8+ Nxd8 38. Qc8 Qd6 39. Bc2 Kg7 40. Bb3 a5 41. Qa8 a4 42. Bd5 Kf6 43. g3 e4 44. Kg2 Ke5 45. Bg8 g5 46. Qc8 Ne6 47. Bxe6 Qxe6 48. Qb8+ Kd4 49. Qxb5 Qxa2 50. Qxf5 Qd5 51. Qf6+ Kd3 52. Qa6+ Qc4 53. Qb6 Kc2 54. Qe3 g4 55. Qa3 Qb3 56. Qc5+ Qc3 57. Qb5 a3 58. Qe2+ Kb3 59. Qb5+ Qb4 60. Qd5+ Kb2 61. Qd1 a2 62. Qe2+ Kb3 63. Qd1+ Kb2 64. Qe2+ Ka3 65. Qe3+ Qb3 66. Qc1+ Ka4 67. Qc6+ Ka3 68. Qc1+ Kb4 69. Qe1+ Kb5 70. Qa1 Qb1 71. Qe5+ Kc4 72. Qe6+ Kd3 73. Qd5+ Kc3 74. Qc5+ Kb2 75. Qb4+ Kc1 76. Qc3+ Qc2 77. Qa1+ Kd2 78. Qd4+ Kc1 79. Qa1+ Qb1 80. Qc3+ Qc2 81. Qa1+ 1/2-1/2

[Event "Kvinde-DM 2026"]
[Site "Copenhagen"]
[Date "2026.02.12"]
[Round "3.2"]
[White "Durrfeld, Sofie Bech"]
[Black "Derlich, Sarah Sima"]
[Result "0-1"]
[WhiteElo "2052"]
[BlackElo "2024"]
[WhiteFideId "1451324"]
[BlackFideId "1469290"]
[EventDate "2026.02.11"]
[EventType "swiss"]
[EventRounds "9"]
[EventCountry "DEN"]
[SourceTitle "Live v. Obro Skakforening"]

1. d4 d5 2. c4 e6 3. Nf3 Nf6 4. g3 Bd6 5. Bg2 O-O 6. O-O Nc6 7. cxd5 exd5 8. Bg5 h6 9. Bxf6 Qxf6 10. Nc3 Ne7 11. e4 Bb4 12. Nxd5 Nxd5 13. exd5 Bf5 14. Ne5 Rfe8 15. Rc1 Qb6 16. Qh5 g6 17. Qxh6 Rac8 18. g4 Qxd4 19. gxf5 Bd2 20. Nf3 Bxc1 21. Rxc1 Qg7 22. Qxg7+ Kxg7 23. fxg6 Kxg6 24. Bh3 Rcd8 25. Rxc7 Rxd5 26. Rxb7 Rd3 27. Bg4 f5 28. Nh4+ Kg5 29. Rg7+ Kxh4 30. Bxf5 Rd2 31. Rg4+ Kh5 32. Rg7 Rf8 33. Rd7 Rxb2 34. Rd5 Kg5 35. Be4+ Kg4 36. f3+ Kf4 37. Rd4 Rg8+ 38. Kf1 Rg7 39. h4 Rc7 40. Bd5+ Ke5 41. Rd1 Rd7 42. Bb3 Rxd1+ 43. Bxd1 Rxa2 44. Be2 Ra4 45. h5 Rh4 46. Ke1 Kf4 47. Kd2 Rxh5 48. Kc3 Ke3 49. Bd1 Rh1 50. Bb3 Rc1+ 51. Kb4 Kd4 52. Ka5 Rf1 53. Ka6 Rxf3 54. Bc2 Ra3+ 55. Kb5 Kc3 56. Bd1 a6+ 57. Kc5 Ra1 58. Bf3 a5 0-1

[Event "Kvinde-DM 2026"]
[Site "Copenhagen"]
[Date "2026.02.12"]
[Round "3.3"]
[White "Gronnemose, Freja Egelund"]
[Black "Stewart, Tanya Jill Milk"]
[Result "1-0"]
[WhiteElo "1991"]
[BlackElo "1896"]
[WhiteFideId "1474456"]
[BlackFideId "1472291"]
[EventDate "2026.02.11"]
[EventType "swiss"]
[EventRounds "9"]
[EventCountry "DEN"]
[SourceTitle "Live v. Obro Skakforening"]

1. e4 c6 2. d4 d5 3. Nc3 dxe4 4. Nxe4 Nf6 5. Nxf6+ exf6 6. c3 Bd6 7. Bd3 O-O 8. Qc2 Re8+ 9. Ne2 h6 10. O-O Nd7 11. Re1 Nf8 12. Be3 Be6 13. c4 Rc8 14. c5 Bb8 15. Nc3 Qc7 16. f4 Rcd8 17. g3 Bh3 18. Be4 Qd7 19. d5 cxd5 20. Bxd5 a6 21. b4 Be6 22. Bf3 Bf5 23. Qb2 Bg4 24. Rad1 Qc8 25. Rxd8 Rxd8 26. Bh1 Ng6 27. a4 Ne7 28. Bf2 Qd7 29. b5 Nf5 30. Qb4 a5 31. Qe4 Qd3 32. Qxd3 Rxd3 33. Re8+ Kh7 34. Rxb8 Rxc3 35. Bxb7 Bh3 36. Re8 Rc4 37. Re4 Rc1+ 38. Re1 Rc4 39. Ra1 h5 40. Bd5 Rc3 41. b6 Rc2 42. b7 Rb2 43. c6 Nd6 44. Bd4 1-0

[Event "Kvinde-DM 2026"]
[Site "Copenhagen"]
[Date "2026.02.12"]
[Round "3.4"]
[White "Peng, Li Li"]
[Black "van den Brink, Nienke"]
[Result "1/2-1/2"]
[WhiteElo "1895"]
[BlackElo "1959"]
[WhiteFideId "14132893"]
[BlackFideId "1452568"]
[EventDate "2026.02.11"]
[EventType "swiss"]
[EventRounds "9"]
[EventCountry "DEN"]
[SourceTitle "Live v. Obro Skakforening"]

1. e4 c5 2. Nf3 d6 3. d4 cxd4 4. Nxd4 Nf6 5. Nc3 a6 6. Bg5 e6 7. f4 Be7 8. Qf3 Qc7 9. O-O-O Nbd7 10. g4 b5 11. Bxf6 Nxf6 12. g5 Nd7 13. f5 Ne5 14. Qg3 b4 15. Nb1 exf5 16. Nxf5 Bxf5 17. exf5 Rc8 18. c3 Qa5 19. f6 gxf6 20. gxf6 Bxf6 21. Rxd6 Ke7 22. Rxa6 Qd5 23. Bg2 Nd3+ 24. Kc2 b3+ 25. Kd2 Bg5+ 26. Ke2 Nf4+ 27. Kf2 Qc5+ 28. Kf3 Qd5+ 29. Kf2 Qc5+ 30. Kf3 Qd5+ 1/2-1/2

[Event "Kvinde-DM 2026"]
[Site "Copenhagen"]
[Date "2026.02.12"]
[Round "3.5"]
[White "Andries, Leia"]
[Black "Shekar, Diya"]
[Result "1-0"]
[WhiteElo "1931"]
[BlackElo "1558"]
[WhiteFideId "1469207"]
[BlackFideId "1472330"]
[EventDate "2026.02.11"]
[EventType "swiss"]
[EventRounds "9"]
[EventCountry "DEN"]
[SourceTitle "Live v. Obro Skakforening"]

1. e4 d6 2. d4 Nf6 3. Nc3 g6 4. f4 Bg4 5. Nf3 c6 6. h3 Bxf3 7. Qxf3 e6 8. Bd3 Bg7 9. Be3 Nbd7 10. O-O O-O 11. g4 Qe7 12. Rae1 Rae8 13. Re2 a6 14. f5 exf5 15. exf5 Qd8 16. g5 Nh5 17. f6 Bh8 18. Ne4 Re6 19. Nf2 h6 20. Ng4 hxg5 21. Nh6+ Kh7 22. Qxh5 Qe8 23. Nxf7+ Kg8 24. Qxh8+ Kxf7 25. Qg7# 1-0

[Event "Kvinde-DM 2026"]
[Site "Copenhagen"]
[Date "2026.02.12"]
[Round "3.6"]
[White "Rasmussen, Victoria"]
[Black "Nielsen, Pia"]
[Result "1-0"]
[WhiteElo "1748"]
[BlackElo "1586"]
[WhiteFideId "1487531"]
[BlackFideId "1409700"]
[EventDate "2026.02.11"]
[EventType "swiss"]
[EventRounds "9"]
[EventCountry "DEN"]
[SourceTitle "Live v. Obro Skakforening"]

1. e4 c6 2. d4 d5 3. f3 e6 4. Nc3 c5 5. exd5 Qh4+ 6. g3 Qe7 7. Be3 b6 8. dxc5 bxc5 9. d6 Qb7 10. Nb5 Na6 11. Bd3 Bd7 12. Be4 Bc6 13. d7+ Kd8 14. Bxc6 Qxc6 15. Qd3 Nf6 16. O-O-O Nd5 17. Nc3 Nab4 18. Qe4 Nxe3 19. Qxe3 a5 20. a3 Na6 21. Nge2 Ra7 22. Qe4 Qxe4 23. Nxe4 Nb8 24. Ng5 Rxd7 25. Nxf7+ Ke7 26. Nxh8 Rb7 27. Nf4 Kf6 28. Rhe1 e5 29. Nh5+ Ke6 30. f4 Nc6 31. c3 g6 32. Rxe5+ Nxe5 33. Re1 gxh5 34. Rxe5+ Kf6 35. Rxh5 Bg7 36. Rxh7 Rb8 37. Rh5 Rxh8 38. Rxc5 Rxh2 39. Rxa5 Rg2 40. Rg5 Bh6 41. Rh5 Kg6 42. Rh3 Bf8 43. Kb1 Bc5 44. Rh8 Kg7 45. Rh5 Bf2 46. Rg5+ Kf6 47. Ka2 Be1 48. Kb3 Bd2 49. Kc4 Bc1 50. b4 Bxa3 51. b5 Bd6 52. b6 Rb2 53. Rb5 Rg2 54. b7 Ke7 55. b8=Q Bxb8 56. Rxb8 Rxg3 57. f5 Rf3 58. Rb5 Kf6 59. Kd4 Rf4+ 60. Ke3 Rc4 61. Kd3 Rf4 62. c4 Rh4 63. Rd5 Rh1 64. c5 Rd1+ 65. Kc4 Rc1+ 66. Kb5 Rb1+ 67. Kc6 Ra1 68. Kd6 Ra8 69. c6 Ra6 70. Kd7 Ra7+ 71. c7 Kf7 72. Kd8 Ra8+ 73. c8=Q Ra7 74. Rd7+ Rxd7+ 75. Qxd7+ Kf8 76. Qe7+ Kg8 77. f6 Kh8 78. Qg7# 1-0